<?xml version="1.0" encoding="UTF-8"?>
<record
    xmlns:xsi="http://www.w3.org/2001/XMLSchema-instance"
    xsi:schemaLocation="http://www.loc.gov/MARC21/slim http://www.loc.gov/standards/marcxml/schema/MARC21slim.xsd"
    xmlns="http://www.loc.gov/MARC21/slim">

  <leader>01337nam a2200193 a 4500</leader>
  <controlfield tag="001">000000037</controlfield>
  <controlfield tag="005">20250526110105.0</controlfield>
  <controlfield tag="008">081127s2000    dr            001 0 spa d</controlfield>
  <datafield tag="040" ind1=" " ind2=" ">
    <subfield code="a">DO-SdBNP</subfield>
    <subfield code="b">spa</subfield>
    <subfield code="c">BNPHU</subfield>
  </datafield>
  <datafield tag="082" ind1=" " ind2=" ">
    <subfield code="a">152.41</subfield>
    <subfield code="b">S715a</subfield>
  </datafield>
  <datafield tag="100" ind1="1" ind2=" ">
    <subfield code="a">Sosa, Jos&#xE9; Rafael</subfield>
    <subfield code="9">64</subfield>
  </datafield>
  <datafield tag="245" ind1="1" ind2="0">
    <subfield code="a">Aprendiendo a expresar el afecto /</subfield>
    <subfield code="c">Jos&#xE9; Rafael Sosa.</subfield>
  </datafield>
  <datafield tag="260" ind1=" " ind2=" ">
    <subfield code="a">Santo Domingo :</subfield>
    <subfield code="b">Itesa,</subfield>
    <subfield code="c">2000.</subfield>
  </datafield>
  <datafield tag="300" ind1=" " ind2=" ">
    <subfield code="a">126 p. ;</subfield>
    <subfield code="c">22 cm.</subfield>
  </datafield>
  <datafield tag="505" ind1="0" ind2=" ">
    <subfield code="t">Una advertencia --</subfield>
    <subfield code="t">Expresar el afecto: &#xBF;c&#xF3;mo hacerlo? --</subfield>
    <subfield code="t">Sobre la costra afectiva --</subfield>
    <subfield code="t">Si quieres saber c&#xF3;mo es una persona, viaja con ella --</subfield>
    <subfield code="t">El cristianismo de los "ocupados" --</subfield>
    <subfield code="t">El cristianismo de la comodidad --</subfield>
    <subfield code="t">Afectividad en las mujeres casadas --</subfield>
    <subfield code="t">La vida b&#xFA;stica --</subfield>
    <subfield code="t">Afectividad y controles afectivos en el matrimonio --</subfield>
    <subfield code="t">Llegar el tiempo de expresarse --</subfield>
    <subfield code="t">El d&#xED;a internacional del sapito verde --</subfield>
    <subfield code="t">Tomar las manos y acercar las almas --</subfield>
    <subfield code="t">Amistades hasta el primer favor --</subfield>
    <subfield code="t">Un beeper bien extra&#xF1;o --</subfield>
    <subfield code="t">Ella est&#xE1; enferma...&#xBF;por qu&#xE9; abandonarla? --</subfield>
    <subfield code="t">&#xA1;No al tru&#xF1;o! --</subfield>
    <subfield code="t">Expresividad.com --</subfield>
    <subfield code="t">Salgo seguido --</subfield>
    <subfield code="t">&#xBF;Por qu&#xE9; me miran de ese modo cuando proclamo a todo pulm&#xF3;n que "&#xA1;estoy requete bien!" ? --</subfield>
    <subfield code="t">&#xA1;Ay ... pero estabas perdido !! --</subfield>
    <subfield code="t">Oraci&#xF3;n de los afectos.</subfield>
  </datafield>
  <datafield tag="650" ind1=" " ind2="0">
    <subfield code="a">Emociones </subfield>
    <subfield code="9">156</subfield>
  </datafield>
  <datafield tag="650" ind1=" " ind2="4">
    <subfield code="a">Afecto (psicolog&#xED;a)</subfield>
    <subfield code="9">157</subfield>
  </datafield>
  <datafield tag="910" ind1=" " ind2=" ">
    <subfield code="a">Validado. Control de calidad BNPHU</subfield>
  </datafield>
  <datafield tag="952" ind1=" " ind2=" ">
    <subfield code="0">0</subfield>
    <subfield code="1">0</subfield>
    <subfield code="7">1</subfield>
    <subfield code="8">PD</subfield>
    <subfield code="a">BNPHU</subfield>
    <subfield code="b">BNPHU</subfield>
    <subfield code="c">HD</subfield>
    <subfield code="d">2009-06-10</subfield>
    <subfield code="e">050635</subfield>
    <subfield code="i">LF1</subfield>
    <subfield code="l">0</subfield>
    <subfield code="o">152.41 S715a</subfield>
    <subfield code="p">37-10</subfield>
    <subfield code="r">2020-06-25</subfield>
    <subfield code="w">2020-06-25</subfield>
    <subfield code="y">1</subfield>
    <subfield code="Z">No se presta</subfield>
  </datafield>
  <datafield tag="952" ind1=" " ind2=" ">
    <subfield code="0">0</subfield>
    <subfield code="1">0</subfield>
    <subfield code="7">1</subfield>
    <subfield code="8">PD</subfield>
    <subfield code="a">BNPHU</subfield>
    <subfield code="b">BNPHU</subfield>
    <subfield code="c">HD</subfield>
    <subfield code="d">2009-06-10</subfield>
    <subfield code="e">050636</subfield>
    <subfield code="i">LF1</subfield>
    <subfield code="l">0</subfield>
    <subfield code="o">152.41 S715a</subfield>
    <subfield code="p">37-20</subfield>
    <subfield code="r">2020-06-25</subfield>
    <subfield code="t">e. 2</subfield>
    <subfield code="w">2020-06-25</subfield>
    <subfield code="y">1</subfield>
    <subfield code="Z">No se presta</subfield>
  </datafield>
  <datafield tag="999" ind1=" " ind2=" ">
    <subfield code="c">37</subfield>
    <subfield code="d">37</subfield>
  </datafield>
</record>
